Countries of the world - Hangman #3 - Statistics

General Stats
  • This quiz has been taken 128 times
  • The average score is 3 of 5
Answer Stats
Hint Answer % Correct
1
100%
2
100%
3
100%
4
100%
5
100%
6
100%
7
100%
8
100%
9
100%
10
100%
2 A
100%
5 A
100%
6 A
100%
7 A
100%
9 A
100%
10 A
100%
3 E
100%
8 I
100%
8 I
100%
9 I
100%
1 O
100%
1 O
100%
4 A
92%
2 I
71%
2 R
71%
4 O
62%
2 N
57%
7 I
56%
1 T
50%
9 L
40%
9 M
40%
4 L
38%
10 M
33%
10 N
33%
10 O
33%
7 R
33%
4 S
31%
6 B
29%
6 C
29%
6 U
29%
5 C
20%
5 D
20%
5 H
20%
3 P
17%
3 R
17%
3 U
17%
8 F
14%
8 J
14%
7 Q
11%
1 G
0%
No matching quizzes found
Score Distribution
Percent of People with Each Score
Percentile by Number Answered
Your Score History
You have not taken this quiz